MARC

LEADER 00000nas a2200000 a 4500
001 ssj0001081
003 WaSeSS
005 20200512172242.0
006 m d
007 cr n
008 050614c19959999scuqr p s bo 0 a0eng c
010 |a  2011202775 
015 |a GBB400097  |2 bnb 
016 7 |a 016583026  |2 Uk 
016 7 |a 2070253-X  |2 DE-600 
022 |a 2161-430X  |y 1077-6990 
030 |a JMCQFA 
035 |a (WaSeSS)ssj0001081 
037 |b AEJMC, 1621 College St., University of South Carolina, Columbia, SC 29208-0251 
037 |b Sage Publications, Inc., 2455 Teller Rd, Thousand Oaks, CA 91320 United States 
040 |a OCLCS  |b eng  |c OCLCS  |d BOS  |d UV$  |d AU@  |d OCLCQ  |d OCLCE  |d DLC  |d TXA  |d DLC  |d TTN  |d OCLCO  |d OCLCF  |d OCLCO  |d OCLCQ  |d DEFHM  |d OCLCO  |d OCLCQ  |d VT2  |d OCLCQ  |d OCLCA  |d OCLCQ  |d LND  |d NLE  |d OCLCA  |d OCLCQ  |d IOG  |d OCLCA  |d OCLCQ  |d UKMGB  |d U3W  |d CNTRU  |d OCLCQ  |d UKBTH  |d OCLCA  |d LIP  |d OCLCQ  |d AUD  |d UEJ  |d WaSeSS 
042 |a pcc  |a nsdp  |a dlr 
043 |a n-us--- 
050 1 4 |a PN4700  |b .J7 
082 1 0 |a 070  |2 14 
130 0 |a Journalism & mass communication quarterly (Online) 
210 0 |a Journal. mass commun. q.  |b (Online) 
222 0 |a Journalism & mass communication quarterly  |b (Online) 
245 1 0 |a Journalism & mass communication quarterly  |h [electronic resource]. 
246 1 |a Journalism and mass communication quarterly 
246 1 |a J & MCQ 
246 1 |a JMCQ 
246 1 |a J & MC quarterly 
260 |3 -2011 :  |a Columbia, SC :  |b Association for Education in Journalism and Mass Communication 
260 3 |3 Mar. 2012- :  |a [Thousand Oaks, CA] :  |b Sage Publications 
310 |a Quarterly 
362 1 |a Print began with vol. 72, no. 1 (spring 1995). 
500 |a Each issue has also a distinctive title. 
506 |a License restrictions may limit access. 
525 |a Has occasional special supplement. 
538 |a Master and use copy. Digital master created according to Benchmark for Faithful Digital Reproductions of Monographs and Serials, Version 1. Digital Library Federation, December 2002.  |u http://purl.oclc.org/DLF/benchrepro0212  |5 MiAaHDL 
538 |a Mode of access: World Wide Web. 
555 |a Vols. 71 (1994)-80 (2003). 1 v. (Includes index to earlier title). 
583 1 |a digitized  |c 2010  |h HathiTrust Digital Library  |l committed to preserve  |2 pda  |5 MiAaHDL 
588 |a Description based on: Vol. 76, no. 1 (spring 1999); title from PDF article running title (SAGE journals, viewed June 5, 2012). 
588 |a Latest issue consulted: Vol. 89, no. 2 (summer 2012) (SAGE journals, viewed June 5, 2012). 
650 0 |a Journalism  |v Periodicals. 
650 0 |a Mass media  |v Periodicals. 
650 0 |a Communication  |v Periodicals. 
650 0 |a Journalism  |z United States  |v Periodicals. 
650 0 |a Journalism  |v Bibliography  |v Periodicals. 
650 6 |a Journalisme  |v Périodiques. 
650 6 |a Médias  |v Périodiques. 
650 6 |a Communication  |v Périodiques. 
650 6 |a Journalisme  |z États-Unis  |v Périodiques. 
650 6 |a Journalisme  |v Bibliographie  |v Périodiques. 
650 7 |a Communication.  |2 fast  |0 (OCoLC)fst00869952 
650 7 |a Journalism.  |2 fast  |0 (OCoLC)fst00984032 
650 7 |a Mass media.  |2 fast  |0 (OCoLC)fst01011219 
650 1 7 |a Journalistiek.  |2 gtt 
650 1 7 |a Massacommunicatie.  |2 gtt 
650 7 |a Massenmedien  |2 gnd 
650 7 |a Zeitschrift  |2 gnd 
650 7 |a Journalismus  |2 gnd 
650 7 |a Massenkommunikation  |2 gnd 
650 0 7 |a JOURNALISM.  |2 unbist 
650 0 7 |a MASS MEDIA.  |2 unbist 
650 0 7 |a COMMUNICATIONS.  |2 unbist 
650 0 7 |a UNITED STATES.  |2 unbist 
651 7 |a United States.  |2 fast  |0 (OCoLC)fst01204155 
651 7 |a USA  |2 gnd 
653 1 |a Journalism 
655 0 |a Electronic journals. 
710 2 |a Association for Education in Journalism and Mass Communication. 
776 0 8 |i Print version:  |t Journalism & mass communication quarterly  |x 1077-6990  |w (DLC) 95660796  |w (OCoLC)30858401 
780 0 0 |t Journalism quarterly  |w (OCoLC)233142677 
856 4 0 |z Full text available from Research Library: 10/01/1996 to 12/31/2017  |u https://search.proquest.com/publication/15546